[Event "EU-ch 4th"]
[Site "Istanbul"]
[Date "2003.05.30"]
[Round "1"]
[White "Erenburg, Sergey"]
[Black "Korneev, Oleg"]
[Result "1/2-1/2"]
[WhiteElo "2499"]
[BlackElo "2606"]
[Annotator "Erenburg,S"]
[PlyCount "97"]
[EventDate "2003.05.30"]
[EventType "swiss"]
[EventRounds "13"]
[EventCountry "TUR"]
[SourceTitle "CBM 096"]
[Source "ChessBase"]
[SourceDate "2003.09.25"]
[SourceVersion "1"]
[SourceVersionDate "2003.09.25"]
[SourceQuality "1"]

{[%mdl 16832]} 1. e4 e5 2. Nf3 Nc6 3. Bc4 Bc5 4. c3 Nf6 5. d3 {The following
continuation provides to sharp force variations, while the move in the game
connected with more positional struggle:} (5. d4) 5... a6 6. Bb3 Ba7 7. Nbd2
O-O 8. h3 h6 {This continuation seems to me more flexible than 8...d6, as it
saves option of immediate d7-d5.} 9. O-O {Another option, which saves
possibility of attack on the black monarch on the kingside is} (9. Qe2 d6 (9...
d5 $5 10. Nf1 Be6 11. Ng3 $13 (11. g4 dxe4 12. dxe4 Nd7 {[%cal Gd7c5]}) 11...
Na5 12. Bc2 dxe4 13. dxe4 Bc4 $11 {Kramnik,V-Galdunts,S/URS-chJ Kherson 1991.})
(9... Re8 {1-0 Movsesian,S-Flear,G/Hastings 1996/CBM 57/[Atlas,V] (85)}) 10.
Nf1 {1/2-1/2 Adams,M-Comp Deep Junior/Internet 2000/CBM 76/[Lukacs] (42)}) (9.
Nf1 $2 d5 $1) 9... d6 10. Re1 Nh5 $5 {Black intends to realyze a typical idea
of occupying the f4 square by the knight, through Qf6.} (10... Re8 {1/2-1/2
Zhang Pengxiang-Karpov,A/Moscow 2001/CBM 86/[Kostakiev,D] (40)}) 11. Nf1 Qf6
12. Be3 {This move seems to me as the most logical one. First of all, white
eliminates black's dangerous dark-squared bishop, and after it white plays Ne3.
White tried also immediate} (12. Ne3 {0-1 Mahjoob,M-Gyimesi,Z/Yerevan 2001/CBM
86/[Lukacs] (36)}) 12... Bxe3 {Possible alternative is} (12... Nf4 {1-0
Alekseev,E-Golod,V/Tel Aviv 2001/CBM 83 ext/[Golod,V] (78)}) 13. Nxe3 {The
capture on e3 by the pawn seems to me as an interesting option.} (13. fxe3 Qe7
14. g4 Nf6 15. Ng3 Be6 16. d4 Bd7 17. Qe2 Nh7 18. Qg2 $13 {1-0 Svetushkin,
D-Marcelin,C/Yerevan 1999/CBM 72 ext (37)}) 13... Nf4 14. Kh2 Ne7 $146 {
covering the d5 square. Black continued in the previous game} (14... Be6 15.
Ng1 Bxb3 16. axb3 Rad8 17. g3 Ng6 18. Rf1 Nce7 19. f4 exf4 20. gxf4 d5 21. Ng4
Qe6 (21... Qd6 {deserves attention.}) 22. f5 Qd6+ 23. Kh1 Ne5 24. f6 Nxg4 25.
Qxg4 Ng6 26. fxg7 Kxg7 $11 {1/2-1/2 Zaichik,G-Anand,V/Moscow 1987/TD (60)}) 15.
Ng1 {a little passive, but with concrete idea- to push away the black knight
from excelent position f4.} ({Deserves attention:} 15. d4) 15... Be6 16. g3
Bxb3 17. axb3 Nfg6 (17... Ne6 18. Qe2 $11) 18. Qc2 (18. Qf3 $2 {wasn't good,
due to} Qe6 $1 19. b4 f5 $1 20. exf5 Nxf5 21. Qxb7 Nxe3 22. fxe3 Rf2+ 23. Kh1
Raf8 $44 {[%cal Gg6e7,Ge7f5]}) 18... Qe6 {preparing to provide the
breakthrough f7-f5.} 19. Rf1 {White has to play passive, as after} (19. d4 {
his position is quite difiicult:} exd4 20. cxd4 f5 $1 21. exf5 Nxf5 22. Nxf5
Qxf5 $17) 19... f5 $15 {Black has a slight advantage, thanks to a space
advantage and activity of his pieces compared to the white ones. On the other
hand, white has solid position without any weaknesses.} 20. exf5 Nxf5 21. Rae1
d5 {increasing space advantage.} 22. Ng2 (22. Ng4 $15 {[%cal Yg1f3] Comes to
consideration}) 22... Qd6 23. Qe2 Rf6 24. Nf3 Re8 25. Nd2 Ref8 26. Nf3 Re8 27.
Nd2 a5 $1 {fixing the white's pawn on the queenside.} 28. Ne3 $1 Nxe3 $2 {
throwing away the slight advantage.} (28... c5 29. c4 $1) ({Better was} 28...
c6 $15) 29. fxe3 $1 {Now white succeeds to change the rooks, that makes his
life much easier. (According to well-known rule, the side, who suffer from
lack of space is interested to change as much pieces as possible.)} Ref8 30.
Rxf6 Rxf6 31. Rf1 $11 Nf8 32. Rxf6 Qxf6 33. Kg2 Nd7 34. e4 $1 Qe6 ({Doesn't
change the estimation of position:} 34... c6 35. Nf3 (35. Qg4 Nc5 36. exd5 cxd5
) 35... Qe6 36. exd5 cxd5 37. Qe3 $11) 35. exd5 Qxd5+ 36. Qe4 Qxe4+ (36... c6 {
was an intersting alternative.}) 37. Nxe4 Kf7 38. Kf3 Ke6 39. h4 g6 40. g4 b6
41. Ke3 Nf6 {Black would stand on his place, that promises him a draw:} (41...
Kd5 $11) 42. Nxf6 Kxf6 43. Ke4 Ke6 44. d4 exd4 45. Kxd4 Kd6 46. Ke4 Ke6 {
Other possibilities provide also to a draw.} (46... c5 47. c4 $11) (46... b5
47. Kd4 c5+ 48. Ke4 Ke6 49. c4 $11) 47. Kd4 Kd6 48. Ke4 Ke6 49. Kd4 1/2-1/2

[Event "Olympiad-34"]
[Site "Istanbul"]
[Date "2000.11.06"]
[Round "9.1"]
[White "Reefat, Bin Sattar"]
[Black "Aleksandrov, Aleksej"]
[Result "0-1"]
[WhiteElo "2467"]
[BlackElo "2591"]
[Annotator "Ernst,T"]
[PlyCount "80"]
[EventDate "2000.10.28"]
[EventType "team-swiss"]
[EventRounds "14"]
[EventCountry "TUR"]
[SourceTitle "EXT 2001"]
[Source "ChessBase"]
[SourceDate "2000.11.22"]
[SourceVersion "1"]
[SourceVersionDate "2000.11.22"]
[SourceQuality "1"]
[WhiteTeam "Bangladesh"]
[BlackTeam "Belarus"]
[WhiteTeamCountry "BAN"]
[BlackTeamCountry "BLR"]

1. e4 e5 2. Nf3 Nc6 3. Bc4 Bc5 4. c3 Nf6 5. d3 a6 6. O-O Ba7 7. Bb3 O-O 8. Re1
d6 9. Nbd2 Ng4 10. Re2 Kh8 {One of the main lines in the Italian game.} 11. h3
Nh6 12. Nf1 f5 13. d4 Qf6 (13... fxe4 14. Rxe4 d5 15. Bg5 dxe4 {Hector}) 14.
dxe5 dxe5 15. Be3 f4 16. Bxa7 Rxa7 17. Rd2 Na5 18. N1h2 Ra8 19. Rd5 Nxb3 20.
axb3 Re8 21. c4 b6 $11 22. Qc2 Bb7 23. Rd2 Nf7 24. Rad1 a5 25. Re1 Qe7 26. Ng4
c5 27. Red1 Bc6 $1 28. Rd5 $6 {Black threatened a pawn race on the kingside.}
Bxd5 29. Rxd5 Qc7 30. Qc3 Rad8 31. Ngxe5 Nxe5 32. Rxe5 Rxe5 33. Nxe5 Kg8 34.
Nf3 Qe7 35. Qc2 Qd6 36. Qc3 Qd1+ 37. Kh2 Re8 $1 38. e5 h6 $19 39. Ne1 (39. Nh4
Qe2 40. Ng6 Qxf2) 39... Rd8 40. e6 Qe2 0-1

[Event "Olympiad-43"]
[Site "Batumi"]
[Date "2018.09.25"]
[Round "2.1"]
[White "Anand, Viswanathan"]
[Black "Ragger, Markus"]
[Result "1-0"]
[WhiteElo "2771"]
[BlackElo "2686"]
[Annotator "Ganguly, Surya Sekhar "]
[PlyCount "93"]
[EventDate "2018.09.24"]
[EventType "team-swiss"]
[EventRounds "11"]
[EventCountry "GEO"]
[SourceTitle "CBM 187"]
[Source "ChessBase"]
[SourceDate "2018.12.11"]
[SourceVersion "1"]
[SourceVersionDate "2018.12.11"]
[SourceQuality "1"]
[WhiteTeam "India"]
[BlackTeam "Austria"]
[WhiteTeamCountry "IND"]
[BlackTeamCountry "AUT"]

{2006 Turin was the last Olympiad where Anand played for India. After a huge
gap finally the Tiger is back which is a tremendous boost for the team.} 1. e4
e5 2. Nf3 Nc6 3. Bc4 {Italian nowadays is as popular as Spanish specially at
the top level.} Bc5 4. c3 Nf6 5. d3 O-O 6. Bg5 {Although this was first played
in 1841, it only got huge popularity after MVL recently started using the idea
heavily in this position as well as in some other similar positions. I
personally had this position a few times as White with a4-a5 included.} h6 7.
Bh4 Be7 {The old conception was that after this Black has no issues, hence Bg5
ideas were not that popular. Thanks to MVL's effort it is now clear that
though Black is still fine here, White does have many interesting tries.} 8.
Nbd2 d6 9. a4 Nh5 10. g3 $5 {A rare and very interesting idea from my good
friend Sethu. He used this idea to beat Inarkiev in the last World Rapid in
Saudi Arabia. The point is White simply protects the bishop and asks Black to
show his plans.} (10. Bg3 {MVL played this against Kramnik which is when this
whole Bg5 line started picking up rapidly. Since then many games have been
played with tries from both sides.} Nxg3 (10... g6 {is the latest trend from
the black side which was seen in Hari - Inarkiev and Sethu - Giri}) 11. hxg3
Nb8 12. Nf1 c6 13. Ne3 Na6 14. g4 {was the MVL - Kramnik game from where it
all started.}) 10... Nf6 {A natural response. Now Black threatens g5. Another
interesting move is ...Bh3 which I am sure was prepared too.} 11. Bxf6 Bxf6 12.
h4 {That is the idea of this whole g3 business! White gives up the bishop and
tries to launch a kingside attack.} Ne7 (12... h5 {was the Sethuraman -
Inarkiev game:} 13. Nh2 g6 14. g4 hxg4 15. Nxg4 Bxh4 16. Qf3 {1-0 (69)
Sethuraman,S (2646)-Inarkiev,E (2689), Riadh 2017 and White had good
compensation.}) 13. Nh2 {The most natural way to follow. White has a pretty
straightforward plan in this line.} d5 14. Bb3 {From the human point of view
this is most natural. However, the engine insists on taking on d5.} (14. exd5
Nxd5 15. Qf3 Be6 {is dynamically balanced. I like Anand's choice more as it
has better practical value.}) 14... c6 (14... d4 {A counter-intuitive
suggestion from the machine. Why would anyone give up the centre and open the
diagonal for the bishop! Practically it could be easier to play from the white
side, irrespective of the computer evaluation.} 15. Qe2) 15. Ng4 Qd6 16. Qf3
Bxg4 17. Qxg4 {Both sides are playing very logically. White's bishop is
clearly stronger than its counterpart, but Black holds the centre very
strongly and there is no kingside attack coming either.} g6 {Not sure if this
was needed right away.} (17... Rad8 {Black could play ...g6 later at anytime.})
18. h5 {After 10 minutes of thought Anand decides to close the kingside and
make the black bishop even more passive.} g5 {A committal decision but a
fairly justified one. Black agrees to lock in the dark-squared bishop totally
but makes sure the kingside is completely closed. His solidity in the centre
always compensates for the passivity of his minor pieces.} (18... Bg7 {would
have changed the character of the position completely:} 19. hxg6 fxg6 20. O-O-O
{can get wild soon}) 19. Qf3 (19. Qe2 {with a similar idea as in the game is
also doable.}) 19... Bg7 {[%cal Gf7f5]} 20. g4 {Now the position is completely
closed on the kingside. Both squares f4 and f5 are weak, but White will get
his knight faster towards f5 than Black his to f4. Thus, Black's knight must
not move, but rather stay at e7 from where it controls both f5 and d5. White's
bishop is also stronger than its counterpart. However, Black still has solid
control over the centre which compensate all other things. As long as he can
maintain that, there is nothing to be worried about.} Rad8 21. Ke2 $5 {It is
debatable where the king would be ideally placed. It does look safe at e2 as
of now.} a5 22. Rhd1 Rd7 23. Nf1 Rfd8 (23... Qc7 $5 {Now that White has moved
the knight, Black perhaps could have started to harass the b3-bishop.} 24. Qe3
(24. Ne3 Qb6) 24... Rfd8 {with a balanced position.}) 24. Ne3 (24. Ng3 $5 {
It is not clear how to break further, but if I had to pick a colour I would
pick White.}) 24... Qf6 $2 {A strategic error. The only way for White to make
some progress is to open up the game but with queens on the board it would
have been very difficult to do so. Now it will be much easier to create play
on the queenside and suddenly the king on e2 becomes so much more active.} (
24... Qc7 {Just keeping the queen on b6 would suffice to stop White from
opening another front. For the moment its not clear how White will
breakthrough. The position remains balanced.}) 25. Qxf6 $1 {Of course!} Bxf6
26. Ba2 (26. Bc2 {with the same idea of b4 but this time unstoppable.}) 26...
Bg7 (26... Ra8 $5 {, stopping b4 for the moment, would have been more
tenacious, although White has all the time in the world to regroup and play b4
eventually.}) (26... dxe4 {Changing further major pieces doesn't solve the
problem of passive minor pieces that Black has.} 27. dxe4 Rxd1 {, and now both
Nxd1 and Rxd1 are good for White.} 28. Rxd1 (28. Nxd1 {and no need to
calculate any furher variation:} Nc8 29. f3 $14) 28... Rxd1 29. Kxd1 {[%cal
Ge3c4,Gb2b4] White still keeps some pressure.}) 27. b4 {Anand goes for the
straightforward plan.} (27. Rdb1 {In order not to give Black a chance to swap
rooks.} Nc8 (27... Ra8 28. Bb3 $14 {White can still slowly transfer the bishop
to c2 and eventually break on the queenside.}) 28. b4 dxe4 29. dxe4 axb4 30.
cxb4 Rd4 $132) 27... axb4 (27... d4 28. Nc4) 28. cxb4 dxe4 29. dxe4 Rd4 $6 (
29... Rxd1 {Good or bad, this was the last chance to swap both rooks and Black
had to opt for it.} 30. Rxd1 (30. Nxd1 Rd4) 30... Rxd1 31. Nxd1 {It is
psychologically difficult to accept as Black that he should aim for this
position, but compared to the alternative this was clearly the better choice.}
Nc8 32. b5 $1 cxb5 33. a5 $1 {is one of the typical ideas when White will take
on b7 no matter what.} Kf8 (33... Ne7 34. Bd5 $1) 34. Bd5 Ke7 (34... Nd6 $4 35.
Bxb7 $18) 35. Bxb7 Na7 36. Ne3 $16 {White is clearly better. If he can win or
not is not important from a practical point of view. Nevertheless, this is
still much better than what happened in the game.}) 30. b5 Rxd1 31. Nxd1 $1 {
Subtle. Now that there is no more ..Rd4 trick, Anand refuses to exchange rooks.
} (31. Rxd1 Rxd1 32. Kxd1 cxb5 33. axb5 Nc8 34. Nf5 Bf8 {Here Black can just
escape.}) 31... Bf8 (31... Rd4 32. Ne3 $1 {is a nice way to finish:} Rxe4 (
32... Rxa4 33. Bxf7+) 33. bxc6 Nxc6 (33... bxc6 34. Bc4 $18 {[%csl Ga4]}) 34.
Bd5 Rb4 35. Bxc6 bxc6 36. a5 $18) 32. Ne3 cxb5 33. axb5 Nc8 34. Bd5 Nd6 35. b6
$1 {giving no chance to escape. Anand at ease. Once he gets an initiative
somehow, he makes it look so simple and easy.} Rc8 36. Ra7 Rb8 37. Kd3 $1 {
[%cal Ge3c4] The most direct way once again.} (37. Ra5 {was equally strong.})
37... Nc8 $8 38. Bxb7 Nxb6 39. Bd5 $1 {The final touch.} Rd8 (39... Nxd5 40.
exd5 $18) 40. Rb7 Nc8 41. Rb8 $1 {Now Black is competely stuck.} Re8 42. Bc6
Bd6 (42... Rd8+ 43. Nd5) 43. Ra8 Rf8 44. Nf5 Ne7 45. Nxd6 Nxc6 46. Rxf8+ Kxf8
47. Nf5 {A fine positional masterpiece by Anand.} 1-0

[Event "Munich SKA"]
[Site "Munich"]
[Date "1993.??.??"]
[Round "8"]
[White "Gelfand, Boris"]
[Black "Shirov, Alexei"]
[Result "1/2-1/2"]
[WhiteElo "2690"]
[BlackElo "2670"]
[Annotator "Gelfand,B"]
[PlyCount "107"]
[EventDate "1993.05.??"]
[EventType "tourn"]
[EventRounds "11"]
[EventCountry "GER"]
[EventCategory "16"]
[SourceTitle "CBM 036"]
[Source "ChessBase"]
[SourceDate "1993.10.01"]
[SourceVersion "1"]
[SourceVersionDate "1993.10.01"]
[SourceQuality "1"]

1. e4 e5 2. Nf3 Nc6 3. Bc4 Nf6 4. d3 Bc5 5. c3 O-O $5 6. b4 Bb6 7. a4 a6 8. O-O
d5 $5 $146 (8... d6) 9. exd5 Nxd5 10. Qb3 Nf6 (10... Nf4 $2 11. Bxf4 exf4 12.
a5 Ba7 13. d4 $16) (10... Be6 11. Ng5 h6 12. Nxe6 fxe6 13. Ra2 (13. Nd2 Rxf2
14. Rxf2 Bxf2+ 15. Kxf2 Qh4+ 16. Ke2 (16. Kg1 $2 Qe1+ 17. Nf1 Rf8 18. d4 Qf2+
19. Kh1 Qxf1+ $19) 16... Qg4+ $40) 13... Rf7 14. Kh1 $5 $14 {/\ f3, Nd2-e4})
11. Ng5 Qe8 12. Nd2 (12. Be3 $5 Bxe3 13. fxe3 h6 14. Ne4 Nxe4 (14... Ng4 15.
Rf3 {/\ h3}) 15. dxe4 $16) 12... h6 13. Nge4 Nh5 (13... Nxe4 14. dxe4 Kh8 15.
Bd3 (15. Qc2 $5) 15... Be6 16. Qc2 Rd8 17. Nc4 $16) 14. a5 (14. Ba3 Nf4 (14...
Kh8 15. b5 Na5 16. Qd1 $1 $16) 15. b5 Na5 16. Qb4 (16. Qc2 Nxc4 17. Nxc4 (17.
dxc4 $5 f5 $1 18. Bxf8 fxe4 19. Bb4 Bh3 $1 20. g3 Qh5 21. c5 Bg2 $1 22. cxb6
Bf3 (22... Qh3 $2 23. f3 $1 Ne2+ 24. Kf2 $13) 23. Nxf3 Qxf3 24. gxf4 Qg4+ $10)
17... f5 18. Bxf8 fxe4 $44) 16... Ng6 17. Qb2 Ne7 18. Qb4 Ng6 $10) 14... Ba7
15. b5 axb5 16. Qxb5 Bb6 $5 (16... Kh8 17. Ba3 Rg8 18. Bc5 Nf4 19. Be3 $5 $14)
(16... Kh7 17. Ba3 Rh8 {Shirov; /\f5, Nf4}) 17. axb6 $1 (17. Nd6 Bxf2+ 18. Rxf2
cxd6 19. Ne4 Qd8 $15) 17... Rxa1 18. Nb3 (18. bxc7 Nf4 19. Nb3 Ne2+ 20. Kh1 Rb1
$1 $17) 18... Rxc1 (18... Ra6 19. bxc7 Qe7 20. Qc5 $1 $16) (18... Rb1 19. bxc7
Qe7 20. Qb6 Nf4 21. Bxf4 Rxf1+ 22. Kxf1 exf4 23. Nbc5 $44) 19. Rxc1 Nf4 (19...
Qd8 $5 20. Na5 (20. bxc7 Qxc7 $10) (20. d4 $6 cxb6 21. dxe5 Qe7 22. Nd6 $140
Be6 $1) 20... Nf4 21. Rb1 cxb6 22. Nxc6 bxc6 23. Qxb6 Be6 $1 $10) 20. Rb1 Kh7
$2 (20... Qd8 21. Nbc5 Kh8 22. bxc7 Qxc7 23. Qb6 (23. Nxb7 $4 Bxb7 24. Qxb7 Rb8
$19) (23. g3 $2 f5 $1 $17 (23... Nh3+ 24. Kg2 f5 25. Nd2 $14)) 23... Qe7 24.
Re1 $13) 21. bxc7 f5 22. Ng3 h5 23. d4 $1 exd4 (23... h4 24. Ne2 Nxg2 25. Kxg2
Qg6+ (25... f4 26. f3 Qg6+ 27. Kf2 $18) 26. Kh1 f4 27. Bd3 $18) 24. Nxd4 h4 25.
Nge2 Nxe2+ 26. Bxe2 Rf7 27. Bf3 Rxc7 $4 (27... Re7 $1 28. Kf1 $1 (28. Bxc6 bxc6
29. Nxc6 Re1+ 30. Rxe1 Qxe1+ 31. Qf1 Qxc3 $10) 28... Qd7 $1 29. Bxc6 (29. Nxc6
bxc6 30. Bxc6 Qxc7 $132) 29... bxc6 30. Qc5 $1 (30. Qxc6 Qxc6 31. Nxc6 Ba6+ 32.
Kg1 Rxc7 $10) 30... Qxc7 31. Nf3 $16) 28. Nxf5 $18 Bxf5 29. Qxf5+ Qg6 30. Qe4
Qxe4 31. Bxe4+ g6 32. f3 Kh6 33. Kf2 Ne5 34. Rb5 (34. Ke3 Rd7 35. Rb4 b5 36.
Rd4 $18) 34... Nc4 35. Rxb7 Rc5 36. Rb4 (36. Rd7 Ra5 $132) 36... h3 37. gxh3 $4
(37. g4 Nd2 38. Rd4 Nxe4+ 39. Rxe4 Rxc3 40. Kg3 $18) 37... Nd2 $1 (37... Nd6
38. Bb1 Rxc3 39. Rb6 $18) 38. Bd3 (38. Ke3 Nxe4 39. fxe4 Rxc3+ $10) 38... Rxc3
39. Rd4 Rc6 $10 40. Ke3 Nb3 41. Rd5 Nc5 42. Bb5 Re6+ 43. Kf2 (43. Kf4 $5) 43...
Nb7 44. h4 Nd6 45. Bd7 Rf6 46. Bg4 Ne8 47. h5 g5 48. Rd8 Nd6 49. Ke3 (49. Rh8+
$5 Kg7 50. Ra8 Kh6 51. Ra5 Ne8 52. Kg3 {/\ h4}) 49... Nf5+ 50. Ke4 Nh4 51. Ke5
Rf4 52. Rd3 Kg7 53. Ra3 Kh6 54. Ra6+ 1/2-1/2

[Event "RUS-ch Army"]
[Site "Russia"]
[Date "1995.??.??"]
[Round "?"]
[White "Komliakov, Viktor"]
[Black "Yagupov, Igor"]
[Result "1-0"]
[WhiteElo "2535"]
[BlackElo "2415"]
[Annotator "Giese"]
[PlyCount "67"]
[EventDate "1995.??.??"]
[EventType "tourn"]
[EventRounds "11"]
[EventCountry "RUS"]
[EventCategory "10"]
[SourceTitle "CBM 048"]
[Source "ChessBase"]
[SourceDate "1995.10.01"]
[SourceVersion "1"]
[SourceVersionDate "1995.10.01"]
[SourceQuality "1"]

1. e4 e5 2. Nf3 Nc6 3. Bc4 Nf6 4. d3 Bc5 5. c3 d6 6. Bb3 a6 7. h3 Ba7 8. Nbd2
O-O 9. Nf1 h6 10. g4 d5 11. Qe2 dxe4 12. dxe4 Nd7 13. Ng3 Nc5 14. Bc2 Ne6 15.
Nf5 Re8 16. h4 Nf4 17. Bxf4 exf4 18. Rd1 Qf6 19. g5 hxg5 20. hxg5 Qg6 21. N5h4
Qh5 22. Qd2 Bc5 23. g6 Bd6 24. gxf7+ Kxf7 25. Rg1 Bg4 26. Bb3+ Kf6 27. Rxg4
Qxg4 28. Qd5 Ne5 29. Nxe5 Rxe5 {=/+/-/+} (29... Bxe5 $142 {=/+/-/+}) 30. Qf7+
Kg5 31. Kd2 {[%csl Ye1,Yf1,Yg1,Yh1]} Kh6 (31... Qxh4 32. Qxg7+ Kh5 33. Bf7#) (
31... Kxh4 32. Rh1+ Qh3 33. Qxf4+ $18) (31... Re7 32. Qg6+ Kxh4 33. Rh1+ Qh3
34. Qh7+ $18) 32. Rh1 Qh5 (32... Bf8 33. Nf5+ Kg5 34. Nxg7 {[%cal Rh1h5]} Rd8+
35. Kc1 Re7 (35... Rxe4 36. Rh5+ $18) 36. Ne6+ Rxe6 37. Bxe6 $18) 33. Nf5+ Rxf5
34. exf5 {[%cal Rf7g6]} 1-0